| 000 | 00696nam a2200205 i 4500 | ||
|---|---|---|---|
| 001 | 48635 | ||
| 003 | ES-MaACL | ||
| 005 | 20230906161804.0 | ||
| 007 | t| | ||
| 008 | 030826q19201930sp ||||1| spa d | ||
| 100 | 1 |
_aGonzález-Blanco, Pedro, _d1879-1961 _958466 |
|
| 245 | 1 | 3 |
_aLa imperfecta casada (avisos a las adúlteras) / _cAna Díaz. |
| 260 |
_aMadrid : _bBiblioteca Hispania, _c[19--] |
||
| 300 |
_a238 p. ; _c19 cm. |
||
| 490 | 1 | _aLibros para toda clase y condición de gente vana | |
| 500 | _aAna Díaz es seudónimo de Pedro González-Blanco. | ||
| 830 | 0 |
_aLibros para toda clase y condición de gente vana _9182249 |
|
| 852 |
_aES-MaACL _jB-11640 |
||
| 999 |
_c48635 _d48635 |
||